Lingua ex machina: la conciliación de las teorías de Darwin y Chomsky sobre el cerebro humano

-д хадгалсан:
Номзүйн дэлгэрэнгүй
Үндсэн зохиолчид: Calvin, William H (Зохиогч), Bickerton, Derek (Зохиогч)
Формат: Ном
Хэл сонгох:испани
Хэвлэсэн: Barcelona Gedisa 2001
Хэвлэл:1a. ed
Цуврал:Cladema. Ciencias Cognitivas, Lingüística
Нөхцлүүд:
Шошгууд: Шошго нэмэх
Шошго байхгүй, Энэхүү баримтыг шошголох эхний хүн болох!

MARC

LEADER 00000nam a2200000 a 4500
001 UCM4258
003 CL-VaPUC
008 020809e20010000SP |||||||||||||||||spa|d
020 |a 8474328497 
082 0 4 |a 401.9  |b CAL  |2 21 
100 0 |a Calvin, William H  |e author  |9 470774 
700 0 |a Bickerton, Derek  |e author  |9 470775 
245 1 0 |a Lingua ex machina: la conciliación de las teorías de Darwin y Chomsky sobre el cerebro humano 
250 |a 1a. ed 
300 |a 359 p 
942 |c BK 
945 |d 20020809 00:00:00  |a vberengu 
260 |a Barcelona  |b Gedisa  |c 2001 
600 0 7 |a CHOMSKY, NOAM  |2 CL-VaPUC  |9 320717 
600 0 |a Darwin Charles  |9 398 
650 0 |a Psicolingüística   |9 283371 
650 0 |a Neurolingüística  |9 416341 
583 |a last modification  |c 20020809 00:00:00  |k Rodrigo Vera 
490 0 |a Cladema. Ciencias Cognitivas, Lingüística 
999 |c 301049  |d 301047 
952 |0 0  |1 0  |4 0  |6 401_900000000000000_CAL_2001  |7 0  |8 A  |9 359694  |a FDOPOS  |b FDOPOS  |d 2019-11-21  |i 3831159  |o 401.9 CAL 2001  |p 3831159  |r 2025-01-22  |w 2019-11-21  |y BK  |k MLA 
952 |0 0  |1 0  |4 0  |6 401_900000000000000_CAL_2001  |7 0  |8 A  |9 359695  |a BIBEDU  |b BIBEDU  |d 2019-11-21  |i 3850196  |o 401.9 CAL 2001  |p 3850196  |r 2019-11-21  |w 2019-11-21  |y BK  |k PSI 
952 |0 0  |1 0  |4 0  |6 401_900000000000000_CAL_2001  |7 0  |8 A  |9 359696  |a BIBGIM  |b BIBGIM  |d 2019-11-21  |i 4608992  |o 401.9 CAL 2001  |p 4608992  |r 2025-01-15  |w 2019-11-21  |y BK  |k COM 
952 |0 0  |1 0  |4 0  |6 401_900000000000000_CAL_2001  |7 0  |8 A  |9 359697  |a BIBEDU  |b BIBEDU  |d 2019-11-21  |i 4666380  |o 401.9 CAL 2001  |p 4666380  |r 2019-11-21  |w 2019-11-21  |y BK  |k EPE